Statistics for Celebrities in Recovery! #1

Click here to take the quiz!

General Stats

  • This quiz has been taken 15 times
  • The average score is 10 of 16

Answer Stats

Answer% Correct
Eminem
93%
Robert Downey Jr
87%
Bradley Cooper
80%
Charlie Sheen
80%
Daniel Radcliffe
80%
Matthew Perry
73%
Steven Tyler
73%
Ben Affleck
67%
Stephen King
67%
Zac Efron
67%
Leonard Nimoy
60%
Sir Elton John
60%
Rob Lowe
47%
Dax Shepard
27%
Aaron Sorkin
7%
Jamie Campbell Bower
7%

Score Distribution

Percentile by Number Answered

Percent of People with Each Score

Your Score History

You have not taken this quiz